How Green is my Paper (Record no. 70653)
[ view plain ]
| 000 -LEADER | |
|---|---|
| fixed length control field | 01180cam a2200241 4500 |
| 001 - CONTROL NUMBER | |
| control field | ABS65649 |
| 008 - FIXED-LENGTH DATA ELEMENTS--GENERAL INFORMATION | |
| fixed length control field | 020702n2002 000 0 eng u |
| 035 ## - SYSTEM CONTROL NUMBER | |
| System control number | (Sirsi) u118645 |
| 100 ## - MAIN ENTRY--PERSONAL NAME | |
| Personal name | Crow, Stephen |
| 245 ## - TITLE STATEMENT | |
| Title | How Green is my Paper |
| 260 ## - PUBLICATION, DISTRIBUTION, ETC. | |
| Date of publication, distribution, etc. | 2002 |
| 490 ## - SERIES STATEMENT | |
| Series statement | Town & Country Planning |
| Volume/sequential designation | 71(5) 139-141(3) |
| 520 ## - SUMMARY, ETC. | |
| Summary, etc. | Compares the two planning papers, the DTLR green paper, Planning Delivering a Fundamental Change and the Wales consultation paper, 'Planning: Delivering for Wales, delivered on behalf of the Welsh Assembly Government. Argues that while they have many things in common, they differ in some obvious aspects such as their opinions of the planning system. In England the DTLR proposes a new form of plan to be known as a 'local development framework' or LDF. In Wales the LDF's are given as an option but the preferred option is a new 'local development plan' or LDP. |
| 590 ## - LOCAL NOTE (RLIN) | |
| Local note | ABS |
| 650 ## - SUBJECT ADDED ENTRY--TOPICAL TERM | |
| Topical term or geographic name entry element | GREEN PAPER |
| 650 ## - SUBJECT ADDED ENTRY--TOPICAL TERM | |
| Topical term or geographic name entry element | DTLR |
| 650 ## - SUBJECT ADDED ENTRY--TOPICAL TERM | |
| Topical term or geographic name entry element | ENGLAND |
| 650 ## - SUBJECT ADDED ENTRY--TOPICAL TERM | |
| Topical term or geographic name entry element | WALES |
| 650 ## - SUBJECT ADDED ENTRY--TOPICAL TERM | |
| Topical term or geographic name entry element | LOCAL DEVELOPMENT FRAMEWORK |
| 650 ## - SUBJECT ADDED ENTRY--TOPICAL TERM | |
| Topical term or geographic name entry element | LOCAL DEVELOPMENT PLAN |
| 690 ## - LOCAL SUBJECT ADDED ENTRY--TOPICAL TERM (OCLC, RLIN) | |
| Topical term or geographic name as entry element | ENVIRONMENTAL AND LAND CONSULTANCY-PLANNING AND DEVELOPMENT |
| 942 ## - ADDED ENTRY ELEMENTS (KOHA) | |
| Suppress in OPAC | 0 |
| Withdrawn status | Lost status | Source of classification or shelving scheme | Damaged status | Not for loan | Home library | Current library | Shelving location | Date acquired | Total Checkouts | Full call number | Barcode | Date last seen | Copy number | Price effective from | Koha item type |
|---|---|---|---|---|---|---|---|---|---|---|---|---|---|---|---|
| Dewey Decimal Classification | London | London | Journal article | 02/07/2002 | ABS65649 | 118645-1001 | 06/08/2019 | 1 | 06/08/2019 | Journal article |